|
|
|
|
| LEADER |
01196nam a2200313 a 4500 |
| 001 |
33853 |
| 003 |
BD-DhAAL |
| 005 |
20211121161915.0 |
| 008 |
181018t1974 xxu||||| b||| 001 0 eng d |
| 999 |
|
|
|c 40056
|d 40056
|
| 020 |
|
|
|a 9780691013114
|
| 040 |
|
|
|a BD-DhAAL
|
| 082 |
|
|
|2 22
|a 801.95
|
| 100 |
|
|
|a Jameson, Frederic
|9 28462
|
| 245 |
|
|
|a Marxism and form :
|b twentieth-century dialectical theories of literature /
|c Fredric Jameson
|
| 260 |
|
|
|a Princeton, N.J. :
|b Princeton University Press,
|c 1974.
|
| 300 |
|
|
|a xix, 432 pages ;
|c 21 cm.
|
| 490 |
|
|
|a JSTOR EBA.
|
| 500 |
|
|
|a Originally published: 1972.
|
| 504 |
|
|
|a Includes bibliographical references and Index.
|
| 526 |
|
|
|a ENH
|
| 541 |
|
|
|a Karim International
|e 33853
|
| 650 |
|
|
|a Marxist criticism.
|9 28463
|
| 650 |
|
|
|a Dialectical materialism.
|9 28464
|
| 650 |
|
|
|a Literary form
|x History
|y 20th century.
|9 28465
|
| 650 |
|
|
|a English literature.
|9 42966
|
| 852 |
|
|
|a Ayesha Abed Library
|c General Stacks
|
| 942 |
|
|
|2 ddc
|c BK
|
| 952 |
|
|
|0 0
|1 0
|2 ddc
|4 0
|6 801_950000000000000_JAM
|7 0
|9 64458
|a BRACUL
|b BRACUL
|c GEN
|d 2018-10-15
|e Karim International
|g 6088.00
|l 3
|m 13
|o 801.95 JAM
|p 3010033853
|r 2026-05-12
|s 2026-02-22
|t 1
|v 6088.00
|w 2018-10-15
|y BK
|